Statistics for Horse Colour Quiz

Click here to take the quiz!

General Stats

  • This quiz has been taken 1,062 times
  • The average score is 7 of 15

Answer Stats

HintAnswer% Correct
Brown Coat With Black Mane And TailBay
90%
White Coat With Black PatchesPiebald
84%
White Coat With Brown PatchesSkewbald
81%
Beige Coat With White Mane And TailPalomino
77%
Really Dark Coat With The Same Mane And Tail. No MarkingsBlack
70%
Grey Coat With Pale CirclesDapple Grey
69%
Rusty Coloured Coat With Rusty Coloured Mane And TailChestnut
66%
Dark Beige Coat With Black Mane And TailDun
58%
Dark Navy Head And Legs With Medium Blue Coat And Navy Mane And TailBlue Roan
41%
White Coat White Mane And Tail. Pink SkinCremello
40%
Steel Coat With Red FlecksStrawberry Roan
29%
White Coat With Black Or Brown MottlesFleabitten Grey
20%
White Coat With Black And Brown PatchesTri-Coloured
7%
Dark Chestnut Coat With Beige Mane And TailFlaxen Liver Chestnut
3%
Dark Brown Coat With Lighter Dapples And White Mane And TailSilver Dapple
3%

Score Distribution

Percentile by Number Answered

Percent of People with Each Score

Your Score History

You have not taken this quiz